000 00462nam a2200169Ia 4500
003 GCL
008 140319s9999 xx 000 0 eng d
040 _aGCL /
_cGCL
082 0 4 _a025.31
_bG M
100 1 _aGOSWAMI, INDER MOHAN
245 1 0 _aMANUAL OF LIBRARY CATALOGUING /
_cGOSWAMI, INDER MOHAN
260 _a[S.N] :
_bCOMMONWEATH PUBLISHERS ،
_c1995
300 _a355\P
650 0 4 _aLIBRARY SCIENCE
650 0 4 _aLIBRARY - CATALOGING
942 _2ddc
_cBK
999 _c11269
_d11269